Tracez les contours des États-Unis sur une carte - Statistiques

Statistiques générales
  • Ce quiz a été pris 3 009 fois
  • Le résultat moyen est 25 sur 41
Réponses sur la Carte
Les réponses sont colorées sur une échelle allant du rouge au vert en fonction du pourcentage des utilisateurs qui les ont devinées à leur premier essai. Vous pouvez retrouver ces pourcentages ci-dessous.
 
Statistiques - réponses
Etat % Correct
Washington
99%
Californie
93%
Oregon
91%
Texas
90%
Nouveau-Mexique
89%
Arizona
87%
Louisiane
87%
Floride
85%
Caroline du Nord
82%
Caroline du Sud
82%
Mississippi
82%
Alabama
81%
Géorgie
80%
Virginie
79%
Maryland
69%
New York
54%
Maine
52%
New Jersey
52%
Connecticut
50%
Delaware
50%
Rhode Island
50%
Virginie
50%
Massachusetts
49%
Vermont
49%
Dakota du Nord
48%
New Hampshire
47%
Maryland
46%
Montana
46%
New Hampshire
46%
New York
46%
Ohio
46%
Idaho
44%
Illinois
44%
Michigan
44%
Michigan
44%
Pennsylvanie
44%
Washington
44%
Indiana
43%
Minnesota
43%
Wisconsin
40%
Wisconsin
39%
Aucun quiz correspondant
Distribution des résultats
% des personnes avec chaque résultat
Percentile par nombre de réponses
Votre historique - résultats
Vous n’avez pas pris ce quiz